Facultad de Derecho – Universidad Nacional de Mar del Plata

Cuestiones Prejudiciales y previas en el Proceso Penal (Record no. 3610)

MARC details
000 -CABECERA
campo de control de longitud fija 00449nam a22001697a 4500
020 ## - NUMERO INTERNACIONAL NORMALIZADO PARA LIBROS (ISBN)
International Standard Book Number 9505360584
080 ## - NUMERO DE CLASIFICACION DECIMAL UNIVERSAL (CDU)
Número de la Clasificación Decimal Universal 343.1 G 589
100 ## - ASIENTO PRINCIPAL--NOMBRE PERSONAL
Nombre personal Gonzalez Urquiaga, Oscar
245 ## - MENCION DE TITULO
Título propiamente dicho Cuestiones Prejudiciales y previas en el Proceso Penal
260 ## - PUBLICACION, DISTRIBUCION, ETC. (PIE DE IMPRENTA)
Lugar de publicación, distribución, etc. La Plata
Nombre del editor, distribuidor, etc. Editora Platense
Fecha de publicación, distribución, etc. 1983
300 ## - DESCRIPCION FISICA
Extensión 205 P.
650 ## - ASIENTO SECUNDARIO DE MATERIA - TERMINO TEMATICO
Subdivisión general cuestiones prejudiciales
650 ## - ASIENTO SECUNDARIO DE MATERIA - TERMINO TEMATICO
Subdivisión general cuestiones previas
650 ## - ASIENTO SECUNDARIO DE MATERIA - TERMINO TEMATICO
Subdivisión general proceso penal
945 ## - INFORMACION DE PROCESAMIENTO LOCAL
Responsable de carga/modificación Celeste Delía
AAAA-MM-DD - Fecha de ingreso/modificación 2015-03-05
942 ## - ELEMENTOS AGREGADOS (KOHA)
Clasificación normalizada de Koha para alfabetizar _
Holdings
Retirado Perdido Dañado No se presta Ubicación permanente Locación actual Estante o sala Fecha de adquisición Total préstamos Signatura topográfica Inventario Ultima fecha vista Fecha del precio Tipo de item de Koha
        Bib. Derecho Bib. Derecho Biblioteca Graduados 05/03/2015   343.1 G 589 300519 05/03/2015 05/03/2015 LIBRO (Consulta)

XHTML | CSS | ©Biblioteca Central - Dto. Tecnología de la Información - [ Con tecnología Koha ]